LEADER 00547nam a2200169 i 4500 001 000000020933 003 CaOOAMICUS 005 20241118145028.0 008 180830s1973 it u000 u ita u 040 $aSeMil$bita 245 13$a1: Relazioni. 300 $a2 v. 773 0 $tChiesa e religiosità in Italia dopo l'Unità (1861-1878).$dMilano : Vita e Pensiero, 1973.$w()20932 774 0 $t1.$kScienze storiche$g1$w()178427 774 0 $t2.$kScienze storiche$g2$w()178428 996 $6245$a1: Relazioni$9(OLS)http://semarc/title/443684 LEADER 00732naa a2200169 i 4500 001 000000317583 003 CaOOAMICUS 005 20180831173231.0 008 180831n it u000 u ita u 013 $a26747 040 $aSeMil$bita 100 1 $aSignore, Mario.$0(OLS)http://semarc/name/8174 245 10$aRipensare l'Europa come progetto. 650 4$aEuropa.$0(OLS)http://semarc/subject/7401 650 4$aEuropa - Concetto.$0(OLS)http://semarc/subject/15208 773 0 $aConferenza Episcopale Italiana : Servizio Nazionale Progetto Culturale$tEuropa sfida e problema per i cattolici.$dBologna : EDB, 1999.$kOggi e domani$z88-10-10443-9$gp.285-290$w()111673 996 $6245$aRipensare l'Europa come progetto$9(OLS)http://semarc/title/391529 LEADER 01153nas a2200241 i 4500 001 000000144452 003 CaOOAMICUS 005 20051121000000.0 008 051028b2004 ag uu u0 0spa r 013 $a119810 040 $aSeMil$bita 245 10$aHomenaje a Josef Pieper en el Centenario de su Nacimiento /$ccon la colaboración de los siguientes autores, Ignacio Andereggen ... [et al.]. 260 $aBuenos Aires :$bFundación Universidad Católica Argentina,$c2004 [stampa 2005] 300 $aP. [279]-581 ;$c25 cm. 700 1 $aAndereggen, Ignacio,$d<1958- >.$0(OLS)http://semarc/name/57753 700 1 $aPieper, Josef,$d<1904-1997>.$0(OLS)http://semarc/name/18030 773 0 $tSapientia.$dBuenos Aires : [s.n.] $x0036-4703$w()2909 774 0 $t[vedi periodico].$w()262855 850 $aSeMil 852 $aSeMil$W1$xVenegono$y1$m60 5 34$j97375$B97375$CSeMilBibl$Z2$F105979 $85 961 $aCambio: Scuola Cattolica 996 $6245$aHomenaje a Josef Pieper en el Centenario de su Nacimiento$9(OLS)http://semarc/title/211285 996 $6260$aBuenos Aires :$bFundación Universidad Católica Argentina$9(OLS)http://semarc/publisher/45338